Tratado de responsabilidad extracontractual

Bibliographic Details
Main Author: Barros Bourie, Enrique
Format: Book
Language:Spanish
Published: Santiago, Chile : Editorial Jurd̕ica de Chile, 2006
Subjects:
Online Access:Acceso restringido

MARC

LEADER 00000nam a2200000 a 4500
005 20110912095353.0
008 110617s2006 sp |||| b 001 0 spa|c
020 |a 9789561017313 
035 |a 5748 
040 |d vLex 
080 |a 347.513(83) 
090 |c 2414  |d 2414 
100 1 |a Barros Bourie, Enrique 
245 1 0 |a Tratado de responsabilidad extracontractual   |h [Recurso electrn̤ico] /  |c Enrique Barros Bourie 
256 |a Servicio en ln̕ea. 
260 |a Santiago, Chile :  |b Editorial Jurd̕ica de Chile,  |c 2006 
300 |a 1230 p. ;  |c 25 cm 
500 |a Reimpresiones: 2007, 2010 
504 |a Incluye bibliografa̕, referencias bibliogrf̀icas e n̕dice 
506 1 |a Contenido solo disponible en los productos indicados  |d vLex Global  |d vLex Global (Academic Edition, excluding Law Schools)  |d vLex Global (U.S. Academic Edition, Law Schools)  |d vLex Global (U.S. Academic Edition, excluding Law Schools)  |d vLex Global (Academic Edition, Law Schools) 
650 0 4 |a Actos ilc̕itos  |z Chile 
650 0 4 |a Daǫs y perjuicios  |z Chile 
650 0 4 |a Procedimiento civil  |z Chile 
740 0 |a vLex Libros (Servicio en ln̕ea) 
856 4 0 |u http://vlex.com/source/tratado-responsabilidad-extracontractual-5748  |z Acceso restringido 
942 |c BOOK